000 00743cam a2200157 4500500
005 20260405004946.0
041 _afre
042 _adc
100 1 0 _aTheobald, Christoph
_eauthor
245 0 0 _aL'avenir de la Création
260 _c2005.
500 _a6
520 _aRésuméLa mission de remplir la terre et de la dominer, donnée au Sixième Jour, doit aujourd’hui être intégrée dans la perspective plus large de l’ hepta-méron – « l’œuvre » en sept jours –, laissant le repos sabbatique assainir notre manière d’être et d’habiter le monde.
786 0 _nÉtudes | 403 | 7 | 2005-07-01 | p. 53-67 | 0014-1941
856 4 1 _uhttps://shs.cairn.info/revue-etudes-2005-7-page-53?lang=fr&redirect-ssocas=7080
999 _c2079793
_d2079794